El océano en las ciencias naturales y sociales : (Registro nro. 8822)
[ vista simple ]
| 000 -CABECERA | |
|---|---|
| Campo de control | 01089nam a2200289 a 4500 |
| 005 - FECHA Y HORA DE LA ULTIMA TRANSACCION | |
| Campo de control | 20141126100934.0 |
| 008 - ELEMENTOS DE LONGITUD FIJA—INFORMACION GENERAL | |
| Campo de control | 120620s2011 sp ab gr 00010 spa d |
| 020 ## - ISBN | |
| ISBN | 9789589969526 |
| 040 ## - FUENTE DE CATALOGACIÓN | |
| Agencia catalogadora original | CO-BoIH |
| Agencia transcriptora | CO-BoIH |
| 041 0# - IDIOMA | |
| Código de idioma para texto/pista de sonido o título separado | Español |
| 043 ## - GEOGRAPHIC AREA CODE | |
| Geographic area code | s-ck--- |
| 090 ## - CLASIFICACIÓN LOCAL | |
| Colección | EA |
| Consecutivo | 00160 |
| 110 2# - ASIENTO PRINCIPAL--NOMBRE CORPORATIVO | |
| Nombre corporativo o de jurisdicción como elemento de entrada | Colombia. |
| Unidad subordinad | Comisión Colombiana del Océano. |
| 245 13 - MENCION DE TITULO | |
| Título | El océano en las ciencias naturales y sociales : |
| Parte restante del título | espacio vital en la evolución de la humanidad y de Colombia / |
| Mención de responsabilidad | Comisión Colombiana del Océano. |
| 250 ## - MENCION DE EDICION | |
| Mención de edición | 2a. ed. |
| 260 ## - PUBLICACION, DISTRIBUCION, ETC. (PIE DE IMPRENTA) | |
| Lugar de publicación, distribución, etc. | Bogotá D.C : |
| Nombre del editor, distribuidor, etc. | Comisión Colombiana del Océano, |
| Fecha de publicación, distribución, etc. | 2011. |
| 300 ## - DESCRIPCION FISICA | |
| Extensión | 296 p. : |
| Otros detalles físicos | il., mapas ; |
| Dimensiones | 28 cm. |
| Material acompañante | 1 CD-Rom. |
| 504 ## - NOTA DE BIBLIOGRAFIA, ETC. | |
| Nota de bibliografía | Incluye referencias bibliográficas (pag 290-292) |
| 650 #4 - ASIENTO SECUNDARIO DE MATERIA - TERMINO TEMATICO | |
| Término temático o nombre geográfico como elemento de entrada | Exploraciones submarinas |
| Subdivisión general | Enseñanza |
| Subdivisión geográfica | Colombia. |
| 650 ## - ASIENTO SECUNDARIO DE MATERIA - TERMINO TEMATICO | |
| Término temático o nombre geográfico como elemento de entrada | Fauna marina |
| Subdivisión general | Enseñanza |
| Subdivisión geográfica | Colombia. |
| 650 #4 - ASIENTO SECUNDARIO DE MATERIA - TERMINO TEMATICO | |
| Término temático o nombre geográfico como elemento de entrada | Oceanografía |
| Subdivisión general | Enseñanza |
| Subdivisión geográfica | Colombia. |
| 650 ## - ASIENTO SECUNDARIO DE MATERIA - TERMINO TEMATICO | |
| Término temático o nombre geográfico como elemento de entrada | Navegación |
| Subdivisión general | Enseñanza |
| Subdivisión geográfica | Colombia. |
| 942 ## - ELEMENTOS ADICIONALES (KOHA) | |
| Sistema de clasificación | Local |
| Tipo de ítem | Libro |
| 949 ## - LOCAL PROCESSING INFORMATION (OCLC) | |
| a | |
| Withdrawn status | Lost status | Sistema de Clasificación | Damaged status | No para préstamo | Colección | Inventariado | Ubicación Permanente | Ubicación actual | Fecha de adquisición | Fuente de Valor | Valor | Total Checkouts | Número topográfico | Inventario / Código de Barras | Date last seen | Ejemplar | Price effective from | Forma de adquisición | Tipo de material |
|---|---|---|---|---|---|---|---|---|---|---|---|---|---|---|---|---|---|---|---|
| Local | Educación Ambiental | Inventariado 2017 | Sala Fabio Quevedo | Sala Fabio Quevedo | 26/11/2014 | Instituto | 39000.00 | EA-00160 | 034863 | 26/11/2014 | Ej. 1 | 26/11/2014 | Libro |